| 000 | 00908nam a2200289 a 4500 | ||
|---|---|---|---|
| 008 | |||
| 020 | _a047195568X (pbk) | ||
| 049 | _aMAIN | ||
| 090 |
_aQH506 _bRIC |
||
| 100 | 1 |
_aRickwood, D. _q(David) |
|
| 245 | 1 | 0 |
_aCell and molecular biology : _bessential data / _cD. Rickwood and D. Patel. |
| 260 |
_aChichester : _bWiley, _cc1995. |
||
| 300 |
_axv, 224 p. : _bill. ; _c19 cm. |
||
| 440 | 0 | _aEssential data series. | |
| 504 | _aIncludes bibliographical references. | ||
| 500 | _aIncludes index. | ||
| 650 | 0 |
_aMolecular biology _xLaboratory manuals. |
|
| 650 | 0 |
_aCytology _xLaboratory manuals. |
|
| 650 | 1 | 2 |
_aMolecular Biology _vlaboratory manuals. |
| 650 | 2 | 2 |
_aCytology _vlaboratory manuals. |
| 700 | 1 | _aPatel, D. | |
| 907 |
_a.b10054522 _b22-02-13 _c17-04-03 |
||
| 003 | |||
| 005 | 20230123133230.0 | ||
| 040 | _cNUST | ||
| 942 |
_cBOOKS _kQH506 _mRIC |
||
| 999 |
_c145026 _d145026 |
||